banner-ar

الحماية الجنائية للمستند الالكترونى : (Record no. 8615)

MARC details
000 -الفاتح
حقل البيانات ثابتة الطول 00846nam a2200217Ia 4500
008 - عناصر البيانات ثابتة الطول - معلومات عامة
حقل البيانات ثابتة الطول 140319s9999 xx 000 0 ara d
040 ## - مصدر الفهرسة
وكالة الفهرسة الأصلية GCL /
وكالة النسخ GCL
082 04 - رقم تصنيف ديوى العشرى
رقم التصنيف 346.02
رقم المادة ا ح
100 1# - المدخل الرئيسى - إسم شخصى
الإسم الشخصى اشرف توفيق شمس الدين
245 10 - بيان العنوان
العنوان الحماية الجنائية للمستند الالكترونى :
بقية العنوان دراسة مقارنة /
بيان المسئوليه,etc اشرف توفيق شمس الدين
250 ## - بيان الطبعة
بيان الطبعة الاولى
260 ## - PUBLICATION, DISTRIBUTION, ETC. (IMPRINT)
تاريخ النشر أو التوزيع 2006
300 ## - الوصف المادى
التعداد 195 ص ؛
أبعاد الوعاء 24 سم
650 04 - المدخل الاضافى بالموضوع-مصطلح موضوعى
مصطلح موضوعي القانون المدنى
650 04 - المدخل الاضافى بالموضوع-مصطلح موضوعى
مصطلح موضوعي التوقيع الالكترونى
650 04 - المدخل الاضافى بالموضوع-مصطلح موضوعى
مصطلح موضوعي جرائم الانترنت
650 04 - المدخل الاضافى بالموضوع-مصطلح موضوعى
مصطلح موضوعي العقود الالكترونية - بطلان
650 04 - المدخل الاضافى بالموضوع-مصطلح موضوعى
مصطلح موضوعي التوقيع الالكترونى - قوانين وتشريعات
942 ## - عناصر المدخل الإضافي( كوها)
مصدر التصنيف او مخطط الترفيف Dewey Decimal Classification
Koha [default] item type كتاب
260 ## - PUBLICATION, DISTRIBUTION, ETC. (IMPRINT)
-- القاهرة :
-- دار النهضة العربية ،
Holdings
حالة التراجع حالة الفقد حالة تلف ليس للاعارة المكان المؤقت الموقع الحالى تاريخ الاكتساب اجمالي اﻻعارات رقم الطلب الباركود تاريخ اخر مشاهدة تاريخ تفعيل السعر نوع وعاء كوها
        مكتبة القاهرة الكبرى مكتبة القاهرة الكبرى 03/26/2014   346.02\ا ح 18033 03/26/2014 03/26/2014 كتاب

Powered By

EGPV